| 000 | 02023nam a22003257a 4500 | ||
|---|---|---|---|
| 999 |
_c21801 _d21801 |
||
| 003 | AR-CdUCM | ||
| 008 | 190425b ||||| |||| 00| 0 spa d | ||
| 040 |
_aMUNICIPALIDAD PROVINCIAL DEL CUSCO _cBIBLIOTECA MUNICIPAL DEL CUSCO |
||
| 082 | _aRev.IAAC/N°17/2000 | ||
| 110 |
_aInstituto Americano de Arte del Cuzco _943770 |
||
| 245 | _aRevista del Instituto Americano de Arte / | ||
| 260 |
_aCusco : _bGrafisol Editores, _c2000. |
||
| 300 |
_a175 [75] páginas. : _bilustraciones ; _c22 cm. |
||
| 440 |
_aRevista del Instituto Americano de Arte Cuzco. _nAño [XVI], [?] semestre de 2000, N°17. Vol.[?] _946155 |
||
| 505 | _aContenido: Roberto F. Garmendia, ilustre integrante de la generación La Sierra. Manuel Jesús Aparicio Vega. -- Imagen y memoria colectiva Queros Incas de los siglos XVII y XVIII. Jorge A. Flores Ochoa. -- Rafael Aguilar por entero. Miguel H. Milla. -- La posible influencia de la oralidad en los Comentarios Reales del Inca Garcilaso. Walter Ong. -- El Peru como proceso y como promesa. Luis Durand Flórez. -- La forma planimétrica Inka de Intiwatana Pisaq. Ernesto Paz Carbajal. -- Perspectivas de la artesanía en el Cusco. Tatiana Valencia Becerra. -- El clero patriota cusqueño en la revolución de 1814. Alfredo Yépez Miranda. -- Guaqui y el cumpleaños de Fernando VII. Miguel H. Milla. -- José Hierro poeta Servantino. -- Crónicas culturales. -- Perspectivas y observaciones de los valles de Santa Ana. José Teodocio Rozas. | ||
| 650 |
_aInkas _91899 |
||
| 650 |
_aInca Garcilaso de la Vega _9300 |
||
| 650 |
_aIntelectuales cusqueños _946142 |
||
| 650 |
_aArtesanía _95482 |
||
| 650 |
_aLevantamientos andinos _944095 |
||
| 700 |
_aAparicio Vega, Manuel Jesús _91304 |
||
| 700 |
_aFlores Ochoa, Jorge _92915 |
||
| 700 |
_aDurand Flórez, Luis _922370 |
||
| 700 |
_aPaz Carbajal, Ernesto _946156 |
||
| 700 |
_aValencia Becerra, Tatiana _946157 |
||
| 700 |
_aYépez Miranda, Alfredo _94230 |
||
| 700 |
_aMilla, Miguel H _946158 |
||
| 942 |
_2ddc _cPP |
||
| 945 | _arac | ||